000 00582nam a2200229Ia 4500
003 OSt
005 20221005124138.0
006 a|||||r|||| 00| 0
007 ta
008 221004b |||||||| |||| 00| 0 mar d
024 _a46438
037 _cTextual
040 _aCRL
_cCRL
_bmar
041 _2mar
_amar
082 _aO155,2NPAR,1, K3
100 _aPatankar Au.
_9634761
245 0 _aMeech to badshaha
260 _c1963
650 _aMARATHI LITERATURE
_938000
942 _hO155,2NPAR,1, K3
_cTEXL
_2cc
999 _c1049589
_d1049589